| 000 | 00703nac a22001691u 4500 | ||
|---|---|---|---|
| 020 | _a0749439254 | ||
| 082 |
_a659.2 _bD2611 |
||
| 090 |
_c3907 _d3907 |
||
| 100 | _aDavis, Anthony | ||
| 245 |
_aEverything you should know about public relations : _b direct answers to over 500 questions/ _cAnthony Davis. |
||
| 260 |
_a London : _b Kogan Page, 2003. _c2003 |
||
| 300 |
_avii, 280 p. ; _b 24 cm. |
||
| 500 | _a Includes bibliographical references and index. | ||
| 650 | _aPublic relations | ||
| 942 |
_cBB _k659.2D2611 |
||
| 999 |
_c3907 _d3907 |
||